[Event "Titled Tuesday intern op 01st Apr Early"]
[Site "Chess.com INT"]
[Date "2025.04.01"]
[Round "2"]
[White "Manukian, Artak"]
[Black "Baqer, Hamed Khlaf"]
[Result "0-1"]
[WhiteElo "2104"]
[BlackElo "1977"]
[PlyCount "40"]
[EventDate "2025.04.01"]
[EventType "swiss (blitz)"]
[EventRounds "11"]
[EventCountry "USA"]
[SourceTitle "CB15_2025"]
[SourceDate "2025.04.09"]
[SourceVersion "1"]
[SourceVersionDate "2025.04.09"]
[SourceQuality "1"]

1. e4 e5 2. Nf3 Nf6 3. d4 Nxe4 4. Bd3 d5 5. Nxe5 Nd7 6. 0-0 Bd6 7. Nc3 Nxc3 8. bxc3 0-0 9. Qh5 g6 10. Nxg6 hxg6 11. Bxg6 Nf6 12. Qh6 fxg6 13. Qxg6+ Kh8 14. Bh6 Rg8 15. Qd3 Bxh2+ 16. Kh1 Ng4 17. Bd2 Qh4 18. Qh3 Nxf2+ 19. Rxf2 Bxh3 20. gxh3 Qxf2 0-1

[Event "Titled Tuesday intern op 01st Apr Early"]
[Site "Chess.com INT"]
[Date "2025.04.01"]
[Round "6"]
[White "Manukian, Artak"]
[Black "Ruiz Aguilar, Pablo Alexander"]
[Result "1-0"]
[WhiteElo "2104"]
[BlackElo "2190"]
[PlyCount "119"]
[EventDate "2025.04.01"]
[EventType "swiss (blitz)"]
[EventRounds "11"]
[EventCountry "USA"]
[SourceTitle "CB15_2025"]
[SourceDate "2025.04.09"]
[SourceVersion "1"]
[SourceVersionDate "2025.04.09"]
[SourceQuality "1"]

1. e4 c5 2. Nf3 e6 3. c3 d5 4. e5 d4 5. cxd4 cxd4 6. Bb5+ Bd7 7. Nxd4 Bxb5 8. Nxb5 Nc6 9. 0-0 a6 10. N5c3 Nxe5 11. d4 Nc6 12. d5 Nb8 13. dxe6 fxe6 14. Qh5+ g6 15. Qe5 Qf6 16. Qc7 Qe7 17. Qc8+ Kf7 18. Ne4 h6 19. Bf4 e5 20. Be3 Qd7 21. Qc4+ Qe6 22. Qc7+ Qd7 23. Qxe5 Bg7 24. Qf4+ Nf6 25. Nbc3 Nc6 26. Rad1 Qg4 27. Qc7+ Kg8 28. Nxf6+ Bxf6 29. Nd5 Qe6 30. Qxb7 Rf8 31. Nc7 Qf7 32. Qxc6 Bxb2 33. Ne6 Re8 34. Nf4 g5 35. Nd3 Bg7 36. Qxa6 Kh7 37. Rfe1 Re6 38. Qa4 Rhe8 39. h3 Kg8 40. Qg4 Re4 41. Qf3 Qxf3 42. gxf3 Ra4 43. Re2 Rf8 44. Kg2 Ra5 45. Rc2 Raf5 46. Ne1 R5f6 47. Rd7 R6f7 48. Rcc7 Rxd7 49. Rxd7 Re8 50. a4 Ra8 51. Bd4 Bxd4 52. Rxd4 Ra6 53. Rb4 Kf7 54. Nc2 Kg6 55. Nd4 Kh5 56. Nb5 Rb6 57. a5 Ra6 58. Ra4 Kg6 59. Nc7 h5 60. Nxa6 1-0

[Event "Titled Tuesday intern op 01st Apr Early"]
[Site "Chess.com INT"]
[Date "2025.04.01"]
[Round "5"]
[White "Mateus, Martha"]
[Black "Manukian, Artak"]
[Result "1-0"]
[WhiteElo "1967"]
[BlackElo "2104"]
[PlyCount "99"]
[EventDate "2025.04.01"]
[EventType "swiss (blitz)"]
[EventRounds "11"]
[EventCountry "USA"]
[SourceTitle "CB15_2025"]
[SourceDate "2025.04.09"]
[SourceVersion "1"]
[SourceVersionDate "2025.04.09"]
[SourceQuality "1"]

1. d4 d6 2. c4 e5 3. dxe5 dxe5 4. Qxd8+ Kxd8 5. a3 a5 6. b3 Na6 7. Bb2 f6 8. Nd2 Nc5 9. g3 c6 10. Bg2 Bf5 11. Ngf3 Nh6 12. h3 Nf7 13. 0-0 Kc7 14. Rfd1 Bc2 15. Rdc1 Bxb3 16. g4 a4 17. g5 Bd6 18. gxf6 gxf6 19. Nh4 Rhg8 20. Nf5 Bf8 21. Kf1 Nd6 22. Nxd6 Bxd6 23. Ne4 Rxg2 24. Nxc5 Rh2 25. Nxb3 axb3 26. Rc3 Bc5 27. e3 Rh1+ 28. Ke2 Rxa1 29. Bxa1 Rxa3 30. Bb2 Ra2 31. Rxb3 b6 32. Kf3 Kd6 33. Bc3 Ke6 34. Rb1 Rc2 35. Be1 Rxc4 36. Ra1 b5 37. Ra8 b4 38. Re8+ Kd7 39. Rb8 Bd6 40. Rb7+ Ke6 41. Bd2 c5 42. Rxh7 e4+ 43. Ke2 Rc2 44. Rb7 Ra2 45. Kd1 Kd5 46. h4 Bf8 47. h5 Kc4 48. Rd7 b3 49. Rb7 Ra1+ 50. Ke2 1-0

[Event "Titled Tuesday intern op 25th Mar Early"]
[Site "Chess.com INT"]
[Date "2025.03.25"]
[Round "8"]
[White "Manukian, Artak"]
[Black "Nurgaliyev, Sauat"]
[Result "1-0"]
[WhiteElo "2104"]
[BlackElo "2373"]
[PlyCount "93"]
[EventDate "2025.03.25"]
[EventType "swiss (blitz)"]
[EventRounds "11"]
[EventCountry "USA"]
[SourceTitle "CB14_2025"]
[SourceDate "2024.11.01"]
[SourceVersion "1"]
[SourceVersionDate "2024.11.01"]
[SourceQuality "1"]

1. e4 c5 2. Nf3 d6 3. Bb5+ Nd7 4. 0-0 a6 5. Bd3 Ngf6 6. c3 e6 7. Bc2 Be7 8. d4 Qc7 9. d5 Nb6 10. dxe6 Bxe6 11. Bf4 Rd8 12. Nbd2 Nbd7 13. Qe2 Ne5 14. Nxe5 dxe5 15. Bg5 0-0 16. Bb3 Bxb3 17. axb3 Ne8 18. Bxe7 Qxe7 19. Nc4 Nc7 20. Ne3 Rd7 21. Rfd1 Rfd8 22. g3 g6 23. h4 h5 24. Kf1 Kg7 25. Rxd7 Rxd7 26. Rd1 Qe6 27. Rxd7 Qxd7 28. Ke1 b5 29. Qd2 Qc6 30. Nd5 Nxd5 31. exd5 Qd7 32. c4 bxc4 33. bxc4 f6 34. b4 cxb4 35. Qxb4 Kf7 36. Qc5 Qa4 37. Qc7+ Kf8 38. d6 Qa1+ 39. Ke2 Qb2+ 40. Kf1 Qb1+ 41. Kg2 Qe4+ 42. Kh2 Qf3 43. Qb8+ Kf7 44. Qa7+ Ke6 45. Qe7+ Kf5 46. Qd7+ Ke4 47. Qc6+ 1-0

[Event "Titled Tuesday intern op 25th Mar Early"]
[Site "Chess.com INT"]
[Date "2025.03.25"]
[Round "1"]
[White "Molina, Roberto Junio Brito"]
[Black "Manukian, Artak"]
[Result "0-1"]
[WhiteElo "2385"]
[BlackElo "2104"]
[PlyCount "74"]
[EventDate "2025.03.25"]
[EventType "swiss (blitz)"]
[EventRounds "11"]
[EventCountry "USA"]
[SourceTitle "CB14_2025"]
[SourceDate "2024.11.01"]
[SourceVersion "1"]
[SourceVersionDate "2024.11.01"]
[SourceQuality "1"]

1. d4 d5 2. c4 dxc4 3. Nf3 Nf6 4. e3 e6 5. Bxc4 c5 6. dxc5 Qxd1+ 7. Kxd1 Bxc5 8. a3 a6 9. b4 Be7 10. Bb2 0-0 11. Ke2 Rd8 12. Nbd2 Bd7 13. Rhc1 Nc6 14. Nb3 b5 15. Bd3 Rac8 16. Nc5 Bxc5 17. Rxc5 Na7 18. Rac1 Rxc5 19. Rxc5 Rc8 20. Bd4 Rxc5 21. Bxc5 Nc6 22. e4 e5 23. h3 Be6 24. Kd2 Nd7 25. Be3 f6 26. Kc3 Kf8 27. h4 Ke7 28. Nd2 Kd6 29. g3 Kc7 30. a4 bxa4 31. Bxa6 a3 32. Bc4 a2 33. Kb2 Bxc4 34. Nxc4 Nxb4 35. f4 Kc6 36. Bd2 Kc5 37. Na3 Nb6 0-1

[Event "Titled Tuesday intern op 25th Mar Early"]
[Site "Chess.com INT"]
[Date "2025.03.25"]
[Round "11"]
[White "Shafer, Logan Clark"]
[Black "Manukian, Artak"]
[Result "0-1"]
[WhiteElo "2177"]
[BlackElo "2104"]
[PlyCount "92"]
[EventDate "2025.03.25"]
[EventType "swiss (blitz)"]
[EventRounds "11"]
[EventCountry "USA"]
[SourceTitle "CB14_2025"]
[SourceDate "2024.11.01"]
[SourceVersion "1"]
[SourceVersionDate "2024.11.01"]
[SourceQuality "1"]

1. e4 c6 2. d4 d5 3. e5 Bf5 4. h4 h5 5. Bd3 Bxd3 6. Qxd3 e6 7. Nf3 Qa5+ 8. Nbd2 Qa6 9. c4 Nh6 10. 0-0 Nf5 11. b3 Nd7 12. Rd1 Be7 13. g3 c5 14. Nf1 dxc4 15. bxc4 cxd4 16. Nxd4 Nxe5 17. Qe4 Nxd4 18. Rxd4 Bf6 19. Bg5 Ng4 20. Bxf6 Nxf6 21. Qf3 0-0 22. Ne3 Rfd8 23. Rad1 Rxd4 24. Rxd4 Rc8 25. g4 hxg4 26. Nxg4 Nxg4 27. Rxg4 Rxc4 28. Rxc4 Qxc4 29. Qxb7 Qxa2 30. Qe7 Qb1+ 31. Kg2 Qe4+ 32. Kf1 Qa8 33. h5 a5 34. Kg1 a4 35. Qg5 a3 36. h6 Qf8 37. Qa5 gxh6 38. f4 Qg7+ 39. Kh2 Qb2+ 40. Kh3 a2 41. Qd8+ Kg7 42. f5 a1Q 43. f6+ Qxf6 44. Qd2 Qh1+ 45. Qh2 Qff3+ 46. Kh4 Qxh2# 0-1

[Event "Titled Tuesday intern op 11th Mar Early"]
[Site "Chess.com INT"]
[Date "2025.03.11"]
[Round "5"]
[White "Manukian, Artak"]
[Black "Harish, Neeraj"]
[Result "1-0"]
[WhiteElo "2104"]
[BlackElo "2169"]
[PlyCount "83"]
[EventDate "2025.03.11"]
[EventType "swiss (blitz)"]
[EventRounds "11"]
[EventCountry "USA"]
[SourceTitle "CB12_2025"]
[SourceDate "2025.03.19"]
[SourceVersion "1"]
[SourceVersionDate "2025.03.19"]
[SourceQuality "1"]

1. e4 c6 2. d4 d5 3. e5 Bf5 4. c4 e6 5. Nc3 Ne7 6. Nf3 h6 7. Qb3 Qd7 8. Be3 g5 9. h3 Bg7 10. cxd5 exd5 11. Be2 0-0 12. 0-0 Ng6 13. a4 Qe7 14. a5 f6 15. exf6 Bxf6 16. Rfe1 Qg7 17. Na4 Nf4 18. Bxf4 gxf4 19. Kh2 Na6 20. Bd3 Bxd4 21. Bxf5 Rxf5 22. Nxd4 Qxd4 23. Qxb7 Raf8 24. Qxa6 Qxf2 25. Qf1 Qg3+ 26. Kh1 f3 27. Ra3 Kh8 28. Rxf3 Rxf3 29. gxf3 Rxf3 30. Re8+ Kh7 31. Qg2 Qxg2+ 32. Kxg2 Rf4 33. Nc5 Rb4 34. Re7+ Kg6 35. Rxa7 Rxb2+ 36. Kf3 Rb5 37. Nd3 c5 38. a6 c4 39. Nf4+ Kf5 40. Rf7+ Ke5 41. a7 Ra5 42. Ne2 1-0

[Event "Titled Tuesday intern op 11th Mar Early"]
[Site "Chess.com INT"]
[Date "2025.03.11"]
[Round "1"]
[White "Manukian, Artak"]
[Black "Rustemov, Alexander"]
[Result "1/2-1/2"]
[WhiteElo "2104"]
[BlackElo "2525"]
[PlyCount "167"]
[EventDate "2025.03.11"]
[EventType "swiss (blitz)"]
[EventRounds "11"]
[EventCountry "USA"]
[SourceTitle "CB12_2025"]
[SourceDate "2025.03.19"]
[SourceVersion "1"]
[SourceVersionDate "2025.03.19"]
[SourceQuality "1"]

1. e4 e6 2. d4 d5 3. e5 c5 4. c3 Bd7 5. Nf3 Ne7 6. a3 Nf5 7. Bd3 cxd4 8. cxd4 Nc6 9. Bxf5 exf5 10. Nc3 Be6 11. 0-0 h6 12. b4 Be7 13. Bb2 0-0 14. Rc1 Rc8 15. Na4 b6 16. Qd2 Qd7 17. Nc3 a6 18. Ne2 Rc7 19. h4 Rfc8 20. h5 Na7 21. Rxc7 Rxc7 22. Rc1 Rxc1+ 23. Qxc1 Qc6 24. Qxc6 Nxc6 25. Nf4 b5 26. Bc3 Nb8 27. Ne1 Nd7 28. Ned3 Nb6 29. Nc5 Bc8 30. Bb2 Bg5 31. Bc1 Bxf4 32. Bxf4 Nc4 33. Bc1 a5 34. bxa5 Nxa5 35. Kf1 Nc6 36. Bb2 f4 37. f3 Bf5 38. Ke2 g5 39. hxg6 fxg6 40. Bc3 Kf7 41. Nb7 Bd7 42. Nd6+ Ke7 43. Nxb5 Nxe5 44. dxe5 Bxb5+ 45. Kf2 Ke6 46. Bd4 g5 47. Bc3 h5 48. Bd4 Kf5 49. Bc3 g4 50. fxg4+ hxg4 51. g3 fxg3+ 52. Kxg3 Bd7 53. Bb2 Ke4 54. Kf2 d4 55. e6 Bxe6 56. a4 d3 57. Bc1 Kd4 58. Bd2 Kc4 59. a5 Bc8 60. Kg3 Kb5 61. Kf4 Kc5 62. Ke3 Kc4 63. Kf4 Kb3 64. a6 Kc2 65. Ba5 Bxa6 66. Kxg4 Kd1 67. Kf4 Ke2 68. Ke4 Bb7+ 69. Kd4 Bc8 70. Bb4 Bf5 71. Ba5 Bg4 72. Bb4 Be6 73. Ba5 Bd7 74. Bb4 Be8 75. Ba5 Bg6 76. Bb4 Kd1 77. Ke3 Kc2 78. Bd2 Kd1 79. Ba5 Kc2 80. Bd2 Kb3 81. Ba5 Bh7 82. Bd2 Kc2 83. Ba5 Kb3 84. Bd2 1/2-1/2

[Event "Titled Tuesday intern op 04th Mar Early"]
[Site "Chess.com INT"]
[Date "2025.03.04"]
[Round "5"]
[White "Jayasundara, PK Udith Madusank"]
[Black "Manukian, Artak"]
[Result "1-0"]
[WhiteElo "1874"]
[BlackElo "2104"]
[PlyCount "139"]
[EventDate "2025.03.04"]
[EventType "swiss (blitz)"]
[EventRounds "11"]
[EventCountry "USA"]
[SourceTitle "CB11_2025"]
[SourceDate "2025.03.12"]
[SourceVersion "1"]
[SourceVersionDate "2025.03.12"]
[SourceQuality "1"]

1. d4 d5 2. c4 c6 3. Nf3 Nf6 4. Nc3 Bf5 5. cxd5 Nxd5 6. g3 e6 7. Bg2 Nd7 8. 0-0 Be7 9. Re1 Nxc3 10. bxc3 Be4 11. Bh3 0-0 12. Nd2 Bg6 13. e4 b5 14. Bg2 Nb6 15. h4 h6 16. Nf3 Nc4 17. a4 a6 18. Nh2 Qb6 19. Qg4 h5 20. Qe2 Rad8 21. g4 hxg4 22. Qxg4 Kh8 23. h5 Bh7 24. Nf3 c5 25. h6 Rg8 26. Qh5 cxd4 27. cxd4 Rxd4 28. Nxd4 Qxd4 29. Bg5 Bxg5 30. Qxg5 gxh6 31. Qxh6 Nd2 32. Kh1 Qe5 33. Qxd2 Qh5+ 34. Kg1 Qf3 35. Qd4+ f6 36. Kf1 Qxg2+ 37. Ke2 Qg4+ 38. Kd2 e5 39. Qe3 Rd8+ 40. Kc2 Qc8+ 41. Kb2 Qc4 42. Rac1 Qb4+ 43. Qb3 Qd2+ 44. Ka1 Qd4+ 45. Qb2 bxa4 46. Qxd4 Rxd4 47. Red1 Bxe4 48. Rc8+ Kg7 49. Rxd4 exd4 50. Rd8 Kg6 51. Rxd4 Kf5 52. Rxa4 Bd3 53. Ra5+ Bb5 54. Kb2 Kf4 55. Kc3 Kf3 56. Ra2 f5 57. Rb2 f4 58. Kb4 Be2 59. Kc5 Kxf2 60. Kd4 f3 61. Ke4 Kg2 62. Ke3 a5 63. Ra2 Kg1 64. Rxa5 f2 65. Ra1+ Bf1 66. Kf3 Kh1 67. Rxf1+ Kh2 68. Rxf2+ Kh1 69. Rc2 Kg1 70. Rb2 1-0

[Event "Titled Tuesday intern op 04th Mar Early"]
[Site "Chess.com INT"]
[Date "2025.03.04"]
[Round "4"]
[White "Manukian, Artak"]
[Black "Chen, Ryo"]
[Result "0-1"]
[WhiteElo "2104"]
[BlackElo "2419"]
[PlyCount "130"]
[EventDate "2025.03.04"]
[EventType "swiss (blitz)"]
[EventRounds "11"]
[EventCountry "USA"]
[SourceTitle "CB11_2025"]
[SourceDate "2025.03.12"]
[SourceVersion "1"]
[SourceVersionDate "2025.03.12"]
[SourceQuality "1"]

1. e4 c5 2. Nf3 d6 3. Bb5+ Bd7 4. Bxd7+ Qxd7 5. c4 Nc6 6. Nc3 Nf6 7. d4 cxd4 8. Nxd4 g6 9. f3 Bg7 10. Be3 0-0 11. 0-0 a6 12. a4 Rac8 13. b3 Rfd8 14. Qd2 e6 15. Rac1 d5 16. Nxc6 bxc6 17. Bb6 Re8 18. e5 Qb7 19. exf6 Qxb6+ 20. c5 Qxc5+ 21. Kh1 Bxf6 22. Ne4 Qe7 23. Nxf6+ Qxf6 24. Qa5 Rb8 25. Qxa6 Rxb3 26. Qxc6 Reb8 27. a5 Qd8 28. Qa4 R3b4 29. Qa3 R4b5 30. Ra1 Ra8 31. a6 Rb6 32. Qa5 Raxa6 33. Qxa6 Rxa6 34. Rxa6 Kg7 35. Rd1 Qf6 36. Ra2 h5 37. Rad2 h4 38. h3 Qe5 39. Rd4 Qf6 40. R4d2 g5 41. Kg1 Qf4 42. Kh1 Kg6 43. Re2 Qf5 44. Red2 f6 45. Rd4 Qe5 46. R4d2 f5 47. Rd4 Kf6 48. R4d2 Qe3 49. Rd3 Qf4 50. Rd4 Qe5 51. R4d2 g4 52. fxg4 fxg4 53. hxg4 Qg3 54. Rd3 Qxg4 55. Rf1+ Ke7 56. Re3 Qg5 57. Rfe1 Qf5 58. Rf3 Qg4 59. Rfe3 Kd6 60. Kh2 d4 61. Re4 Qf5 62. Rxh4 e5 63. Rh3 Kd5 64. Rf3 Qh5+ 65. Kg1 Qg4 0-1

[Event "Titled Tuesday intern op 25th Feb Early"]
[Site "Chess.com INT"]
[Date "2025.02.25"]
[Round "1"]
[White "Manukian, Artak"]
[Black "Araujo Filho, Luiz Antonio"]
[Result "1-0"]
[WhiteElo "2104"]
[BlackElo "2077"]
[PlyCount "47"]
[EventDate "2025.02.25"]
[EventType "swiss (blitz)"]
[EventRounds "11"]
[EventCountry "USA"]
[SourceTitle "CB10_2025"]
[SourceDate "2025.03.05"]
[SourceVersion "1"]
[SourceVersionDate "2025.03.05"]
[SourceQuality "1"]

1. e4 c6 2. d4 d5 3. e5 Bf5 4. c4 dxc4 5. Bxc4 e6 6. Nc3 Bb4 7. Qb3 Qb6 8. Be3 Ne7 9. d5 c5 10. d6 Nd5 11. Bd2 Nxc3 12. bxc3 Ba5 13. Nf3 0-0 14. 0-0 Nd7 15. Qa4 Qd8 16. Bg5 f6 17. exf6 gxf6 18. Bh6 Rf7 19. Qb3 Qe8 20. Rae1 Ne5 21. Nxe5 fxe5 22. Rxe5 Rf6 23. Bf4 Kh8 24. Rfe1 1-0

[Event "Titled Tuesday intern op 25th Feb Early"]
[Site "Chess.com INT"]
[Date "2025.02.25"]
[Round "4"]
[White "Pavlidou, Ekaterini"]
[Black "Manukian, Artak"]
[Result "0-1"]
[WhiteElo "2160"]
[BlackElo "2104"]
[PlyCount "58"]
[EventDate "2025.02.25"]
[EventType "swiss (blitz)"]
[EventRounds "11"]
[EventCountry "USA"]
[SourceTitle "CB10_2025"]
[SourceDate "2025.03.05"]
[SourceVersion "1"]
[SourceVersionDate "2025.03.05"]
[SourceQuality "1"]

1. d4 Nf6 2. c4 e6 3. Nc3 Bb4 4. a3 Bxc3+ 5. bxc3 c5 6. e3 d6 7. Bd3 Nc6 8. Ne2 e5 9. e4 b6 10. d5 Na5 11. Ng3 0-0 12. 0-0 Ba6 13. Qe2 Qd7 14. Rb1 Qa4 15. Nf5 Ne8 16. Qg4 Kh8 17. Bg5 f6 18. Bc1 Bxc4 19. Bxc4 Qxc4 20. Bd2 g6 21. Nh6 f5 22. exf5 Qxg4 23. Nxg4 gxf5 24. Ne3 f4 25. f3 fxe3 26. Bxe3 Nc4 27. Bf2 Nd2 28. Rbd1 Nxf1 29. Rxf1 Nf6 0-1

[Event "Titled Tuesday intern op 11th Feb Early"]
[Site "Chess.com INT"]
[Date "2025.02.11"]
[Round "8"]
[White "Jahnz, Laurin"]
[Black "Manukian, Artak"]
[Result "1-0"]
[WhiteElo "2179"]
[BlackElo "2104"]
[PlyCount "79"]
[EventDate "2025.02.11"]
[EventType "swiss (blitz)"]
[EventRounds "11"]
[EventCountry "USA"]
[SourceTitle "CB08_2025"]
[SourceDate "2025.02.19"]
[SourceVersion "1"]
[SourceVersionDate "2025.02.19"]
[SourceQuality "1"]

1. e4 c5 2. Nf3 d6 3. Bb5+ Nd7 4. 0-0 a6 5. Bxd7+ Bxd7 6. Qe2 e5 7. Rd1 Nf6 8. c3 Bb5 9. Qe1 Bd3 10. Qe3 c4 11. b3 b5 12. a4 Bc2 13. Re1 Bxb3 14. axb5 axb5 15. Rxa8 Qxa8 16. Ba3 Bc2 17. Bb4 Be7 18. Na3 Ba4 19. d4 cxd3 20. Qxd3 0-0 21. Nxb5 Bxb5 22. Qxb5 Nxe4 23. Qd7 Bf6 24. h3 Rd8 25. Qf5 Nc5 26. Bxc5 dxc5 27. Nxe5 Qd5 28. Qe4 Qxe4 29. Rxe4 Re8 30. f4 g5 31. Ng4 Be7 32. Nf6+ Bxf6 33. Rxe8+ Kg7 34. fxg5 Bxc3 35. g4 Kg6 36. Rg8+ Bg7 37. h4 f6 38. gxf6 Kxf6 39. Kf2 Kf7 40. Rc8 1-0

[Event "Titled Tuesday intern op 11th Feb Early"]
[Site "Chess.com INT"]
[Date "2025.02.11"]
[Round "3"]
[White "Manukian, Artak"]
[Black "Mora Velasco, Alma Jaqueline"]
[Result "1-0"]
[WhiteElo "2104"]
[BlackElo "1884"]
[PlyCount "63"]
[EventDate "2025.02.11"]
[EventType "swiss (blitz)"]
[EventRounds "11"]
[EventCountry "USA"]
[SourceTitle "CB09_2025"]
[SourceDate "2025.02.27"]
[SourceVersion "1"]
[SourceVersionDate "2025.02.27"]
[SourceQuality "1"]

1. e4 c5 2. Nf3 d6 3. d4 Nf6 4. Nc3 cxd4 5. Qxd4 Nc6 6. Bb5 Bd7 7. Bxc6 Bxc6 8. Bg5 e6 9. 0-0-0 Be7 10. e5 dxe5 11. Qxe5 Qb6 12. Nd4 h6 13. Be3 Qc5 14. Qg3 Nh5 15. Qh3 Bg5 16. Nxe6 Bxe3+ 17. fxe3 fxe6 18. Qxe6+ Qe7 19. Qh3 Nf6 20. Kb1 0-0 21. Rhe1 Rad8 22. e4 Rxd1+ 23. Nxd1 Rd8 24. Nc3 Qb4 25. a3 Qb6 26. Qe6+ Kh8 27. Qe7 Re8 28. Qf7 Qd8 29. e5 Qe7 30. Qg6 Ng8 31. e6 Qf6 32. Qg4 1-0

[Event "Titled Tuesday intern op 11th Feb Early"]
[Site "Chess.com INT"]
[Date "2025.02.11"]
[Round "5"]
[White "Manukian, Artak"]
[Black "Swara, Lakshmi S Nair"]
[Result "0-1"]
[WhiteElo "2104"]
[BlackElo "2216"]
[PlyCount "70"]
[EventDate "2025.02.11"]
[EventType "swiss (blitz)"]
[EventRounds "11"]
[EventCountry "USA"]
[SourceTitle "CB09_2025"]
[SourceDate "2025.02.27"]
[SourceVersion "1"]
[SourceVersionDate "2025.02.27"]
[SourceQuality "1"]

1. e4 c5 2. Nf3 d6 3. Bb5+ Bd7 4. Bxd7+ Qxd7 5. c4 Nc6 6. Nc3 e5 7. d3 Nf6 8. Rb1 g6 9. Bg5 Bg7 10. a3 0-0 11. b4 b6 12. b5 Nd4 13. Nxd4 cxd4 14. Bxf6 Bxf6 15. Nd5 Bg7 16. 0-0 f5 17. a4 Rac8 18. a5 bxa5 19. f3 Bh6 20. Ra1 Rf7 21. Rxa5 fxe4 22. fxe4 Rcf8 23. Rxf7 Qxf7 24. Ra1 Qf2+ 25. Kh1 Rf7 26. h3 Qg3 27. Qg4 Qxd3 28. Qe6 Kg7 29. Nc7 Rf1+ 30. Rxf1 Qxf1+ 31. Kh2 Bf4+ 32. g3 Qf2+ 33. Kh1 Bxg3 34. Ne8+ Kh6 35. Qf6 Qh2# 0-1

[Event "Titled Tuesday intern op 04th Feb Early"]
[Site "Chess.com INT"]
[Date "2025.02.04"]
[Round "5"]
[White "Askarov, Bakhtiyar"]
[Black "Manukian, Artak"]
[Result "1/2-1/2"]
[WhiteElo "2314"]
[BlackElo "2104"]
[PlyCount "86"]
[EventDate "2025.02.04"]
[EventType "swiss (blitz)"]
[EventRounds "11"]
[EventCountry "USA"]
[SourceTitle "CB07_2025"]
[SourceDate "2025.02.12"]
[SourceVersion "1"]
[SourceVersionDate "2025.02.12"]
[SourceQuality "1"]

1. d4 d5 2. Nf3 Nf6 3. Bf4 Bg4 4. Nbd2 Nbd7 5. h3 Bh5 6. e3 e6 7. Be2 Bd6 8. Ne5 Bxe2 9. Qxe2 0-0 10. 0-0 Qe7 11. c4 c6 12. Rac1 Rfc8 13. e4 dxe4 14. Nxe4 Nxe4 15. Qxe4 Bxe5 16. Bxe5 Nxe5 17. Qxe5 Rd8 18. Rfd1 Qd6 19. Qe3 Rd7 20. Rc3 Rad8 21. Rcd3 b5 22. b3 Qb4 23. Qc1 h6 24. a3 Qa5 25. h4 a6 26. h5 bxc4 27. bxc4 Qxh5 28. Qc3 Qg4 29. Qa5 Rxd4 30. Rxd4 Rxd4 31. Rxd4 Qxd4 32. Qxa6 c5 33. a4 Qd1+ 34. Kh2 Qh5+ 35. Kg1 Qd1+ 36. Kh2 Qh5+ 37. Kg3 Qe5+ 38. Kf3 Qc3+ 39. Ke2 Qc2+ 40. Ke3 Qc3+ 41. Ke2 Qc2+ 42. Ke1 Qc1+ 43. Ke2 Qc2+ 1/2-1/2

[Event "Titled Tuesday intern op 04th Feb Early"]
[Site "Chess.com INT"]
[Date "2025.02.04"]
[Round "6"]
[White "Manukian, Artak"]
[Black "Melikyan, Gnel"]
[Result "0-1"]
[WhiteElo "2104"]
[BlackElo "2217"]
[PlyCount "86"]
[EventDate "2025.02.04"]
[EventType "swiss (blitz)"]
[EventRounds "11"]
[EventCountry "USA"]
[SourceTitle "CB07_2025"]
[SourceDate "2025.02.12"]
[SourceVersion "1"]
[SourceVersionDate "2025.02.12"]
[SourceQuality "1"]

1. e4 e5 2. Nf3 Nf6 3. Nxe5 d6 4. Nf3 Nxe4 5. Nc3 Nf6 6. d4 d5 7. Bd3 Be7 8. 0-0 0-0 9. Bg5 h6 10. Bh4 Bg4 11. h3 Bh5 12. g4 Bg6 13. Bxg6 fxg6 14. Ne5 g5 15. Bg3 Bd6 16. Re1 c6 17. Qd3 Na6 18. a3 Nc7 19. Re2 Bxe5 20. Bxe5 Nd7 21. Rae1 Nxe5 22. Rxe5 Rf7 23. Nd1 Qf6 24. Rf5 Qg6 25. Rxf7 Qxf7 26. Ne3 Re8 27. Kf1 Qf3 28. Ng2 Qxd3+ 29. cxd3 Ne6 30. f4 Kf7 31. fxg5 hxg5 32. Re5 g6 33. Ne1 Nxd4 34. Rxe8 Kxe8 35. Kf2 Ke7 36. Ke3 c5 37. b4 b6 38. bxc5 bxc5 39. a4 Kf6 40. Kd2 Ne6 41. Ng2 Nf4 42. Ne3 Ke5 43. Kc3 d4+ 0-1

[Event "Titled Tuesday intern op 04th Feb Early"]
[Site "Chess.com INT"]
[Date "2025.02.04"]
[Round "2"]
[White "Manukian, Artak"]
[Black "Molina, Roberto Junio Brito"]
[Result "1-0"]
[WhiteElo "2104"]
[BlackElo "2385"]
[PlyCount "111"]
[EventDate "2025.02.04"]
[EventType "swiss (blitz)"]
[EventRounds "11"]
[EventCountry "USA"]
[SourceTitle "CB07_2025"]
[SourceDate "2025.02.12"]
[SourceVersion "1"]
[SourceVersionDate "2025.02.12"]
[SourceQuality "1"]

1. e4 c6 2. d4 d5 3. e5 Bf5 4. c4 e6 5. Nc3 Ne7 6. Nf3 dxc4 7. Bxc4 Nd7 8. Nh4 Nb6 9. Bb3 Bg6 10. Bg5 Qd7 11. 0-0 Nf5 12. Nxf5 Bxf5 13. g4 Bg6 14. f4 Be7 15. Bxe7 Qxe7 16. f5 exf5 17. gxf5 Qg5+ 18. Kh1 Bxf5 19. Qf3 g6 20. Ne4 Bxe4 21. Bxf7+ Ke7 22. Qxe4 Raf8 23. Bb3 Rxf1+ 24. Rxf1 Rf8 25. Rxf8 Kxf8 26. Qf3+ Ke7 27. Qf7+ Kd8 28. Qf8+ Kd7 29. Qd6+ Ke8 30. Qb8+ Qd8 31. Qxb7 Qxd4 32. Qxc6+ Kd8 33. Qd6+ Qxd6 34. exd6 Kd7 35. Kg2 Kxd6 36. Kf3 Ke5 37. a3 Nd7 38. Bc2 Nc5 39. b4 Ne6 40. Kg4 Nd4 41. Bd1 Nb5 42. a4 Nc3 43. Bb3 h6 44. b5 Ne4 45. a5 Nd6 46. b6 axb6 47. axb6 Kd4 48. Bc2 Kc5 49. Bxg6 Kxb6 50. Kh5 Kc7 51. Kxh6 Kd7 52. h4 Ke7 53. Kg7 Nc4 54. h5 Ne5 55. h6 Nxg6 56. Kxg6 1-0

[Event "Titled Tuesday intern op 04th Feb Early"]
[Site "Chess.com INT"]
[Date "2025.02.04"]
[Round "11"]
[White "Mendoza, Rodrigo"]
[Black "Manukian, Artak"]
[Result "0-1"]
[WhiteElo "2140"]
[BlackElo "2104"]
[PlyCount "68"]
[EventDate "2025.02.04"]
[EventType "swiss (blitz)"]
[EventRounds "11"]
[EventCountry "USA"]
[SourceTitle "CB07_2025"]
[SourceDate "2025.02.12"]
[SourceVersion "1"]
[SourceVersionDate "2025.02.12"]
[SourceQuality "1"]

1. d4 e6 2. Nf3 f5 3. c4 Nf6 4. Qc2 b6 5. g3 Bb7 6. Bg2 d6 7. d5 exd5 8. Nh4 g6 9. Nc3 Bg7 10. Bg5 Na6 11. Nxd5 Nc5 12. 0-0 0-0 13. b4 Nce4 14. Bxf6 Bxf6 15. Nxf6+ Qxf6 16. Nf3 a5 17. b5 Nc5 18. Rad1 Rae8 19. Qd2 Ne4 20. Qc1 Nc3 21. Nd4 Bxg2 22. Kxg2 Nxe2 23. Nxe2 Rxe2 24. c5 bxc5 25. Rfe1 Rfe8 26. Qc4+ Qe6 27. Rxe2 Qxc4 28. Rxe8+ Kf7 29. Rde1 Qxb5 30. R8e7+ Kf6 31. R1e6+ Kg5 32. Rxh7 f4 33. Ree7 f3+ 34. Kh3 Qf1# 0-1